[Event "ASEAN Circuit IM (Women)"]
[Site "Tarakan"]
[Date "2008.01.19"]
[Round "11"]
[White "Handayani, Tri"]
[Black "Mendoza, Beverly"]
[Result "1/2-1/2"]
[WhiteElo "2036"]
[BlackElo "2099"]
[PlyCount "80"]
[EventDate "2008.01.08"]
[EventType "tourn"]
[EventRounds "11"]
[EventCountry "INA"]
[SourceTitle "CBM 122 Extra"]
[Source "ChessBase"]
[SourceDate "2008.03.04"]
[SourceVersion "1"]
[SourceVersionDate "2008.03.04"]
[SourceQuality "1"]

1. e4 Nc6 2. Nf3 e5 3. d4 exd4 4. Nxd4 Nf6 5. Nxc6 bxc6 6. e5 Qe7 7. Qe2 Nd5 8. c4 Ba6 9. b3 Qh4 10. a3 Bc5 11. g3 Bxf2+ 12. Qxf2 Qe4+ 13. Kd1 Qxh1 14. Nd2 Nc3+ 15. Kc2 Ne4 16. Nxe4 Qxe4+ 17. Bd3 Qg4 18. Bf5 Qh5 19. h4 f6 20. exf6 0-0 21. g4 Qf7 22. fxg7 Rfb8 23. Bb2 Bxc4 24. bxc4 Qxc4+ 25. Bc3 Rb3 26. Qd4 Rxc3+ 27. Qxc3 Qe2+ 28. Qd2 Qc4+ 29. Qc3 Qe2+ 30. Kc1 Qf1+ 31. Kb2 Rb8+ 32. Ka2 Qg2+ 33. Bc2 Qxg4 34. Re1 Qxh4 35. Bb3+ d5 36. Qe5 Qg4 37. Bxd5+ cxd5 38. Qxd5+ Kxg7 39. Re7+ Kh8 40. Qe5+ Kg8 1/2-1/2

[Event "Kuala Lumpur op 3rd"]
[Site "Kuala Lumpur"]
[Date "2006.08.27"]
[Round "11"]
[White "Hamid, Rani"]
[Black "Handayani, Tri"]
[Result "1-0"]
[WhiteElo "2144"]
[BlackElo "2083"]
[PlyCount "85"]
[EventDate "2006.08.21"]
[EventType "swiss"]
[EventRounds "11"]
[EventCountry "MAS"]
[SourceTitle "CBM 114 Extra"]
[Source "ChessBase"]
[SourceDate "2006.11.03"]
[SourceVersion "1"]
[SourceVersionDate "2006.11.03"]
[SourceQuality "1"]

1. e4 c5 2. Nf3 Nc6 3. d4 cxd4 4. Nxd4 Nf6 5. Nc3 e5 6. Ndb5 d6 7. Bg5 a6 8. Na3 b5 9. Nd5 Be7 10. Bxf6 Bxf6 11. c3 Bg5 12. Nc2 0-0 13. a4 bxa4 14. Rxa4 a5 15. Bc4 Kh8 16. Nde3 Rb8 17. Ra2 g6 18. 0-0 f5 19. exf5 Bxf5 20. Nxf5 Rxf5 21. b3 Bh6 22. Qd3 Ne7 23. Ne3 Rf8 24. Rd1 Nc8 25. Nd5 Bg7 26. Rda1 Nb6 27. Rxa5 Nxd5 28. Rxd5 Qb6 29. Qd2 Ra8 30. Rxa8 Rxa8 31. Rxd6 Qc7 32. Rd7 Qb6 33. g3 e4 34. Qd5 Rf8 35. Rf7 Rxf7 36. Qxf7 Qd8 37. Qd5 Qf8 38. Qxe4 Bxc3 39. Kg2 Kg7 40. h4 Qf6 41. Qb7+ Kh6 42. Bg8 Qg7 43. Qc8 1-0

[Event "Kuala Lumpur op 3rd"]
[Site "Kuala Lumpur"]
[Date "2006.08.25"]
[Round "7"]
[White "Handayani, Tri"]
[Black "Chong, Chor Yuen"]
[Result "0-1"]
[WhiteElo "2083"]
[BlackElo "2122"]
[PlyCount "80"]
[EventDate "2006.08.21"]
[EventType "swiss"]
[EventRounds "11"]
[EventCountry "MAS"]
[SourceTitle "CBM 114 Extra"]
[Source "ChessBase"]
[SourceDate "2006.11.03"]
[SourceVersion "1"]
[SourceVersionDate "2006.11.03"]
[SourceQuality "1"]

1. e4 c5 2. Nf3 d6 3. Nc3 Nf6 4. d4 cxd4 5. Nxd4 a6 6. Bg5 e6 7. f4 Nc6 8. Nb3 Be7 9. Qf3 0-0 10. 0-0-0 Qc7 11. Bd3 b5 12. Qg3 b4 13. Ne2 a5 14. Nbd4 Nxd4 15. Nxd4 Ba6 16. Kb1 Bxd3 17. Qxd3 d5 18. Bxf6 Bxf6 19. e5 Be7 20. g4 Rac8 21. Rhf1 Bc5 22. Nf3 Be7 23. f5 Qc4 24. Qd2 Qxg4 25. f6 Bc5 26. fxg7 Rfd8 27. Ng5 Rd7 28. Rf6 Be3 29. Qxe3 Qxd1+ 30. Qc1 Qxc1+ 31. Kxc1 Rdc7 32. Rf2 h6 33. Nh3 Rc4 34. Nf4 Re4 35. Nd3 Rg4 36. Kd2 Kxg7 37. Nf4 Rc4 38. Nh5+ Kg6 39. Nf6 Rg5 40. Re2 h5 0-1